LIBRARY & INFORMATION CENTRE, KCAET, TAVANUR

ONLINE PUBLIC ACCESS CATALOGUE (OPAC)

Applied thermodynamics for engineering technologists / (Record no. 1428)

MARC details
000 -LEADER
fixed length control field 00463cam a2200181ua 4500
041 ## - LANGUAGE CODE
Language code of text/sound track or separate title eng
082 ## - DEWEY DECIMAL CLASSIFICATION NUMBER
Classification number 621.4021
Item number EAS/AP
100 ## - MAIN ENTRY--AUTHOR NAME
Personal name Eastop, T.D.
245 ## - TITLE STATEMENT
Title Applied thermodynamics for engineering technologists /
260 ## - PUBLICATION, DISTRIBUTION, ETC. (IMPRINT)
Place of publication London :
Name of publisher Longman ,
Year of publication 1967.
300 ## - PHYSICAL DESCRIPTION
Number of Pages 738 ; .
700 1# - ADDED ENTRY--PERSONAL NAME
Personal name Mc Conkey, A.
942 ## - ADDED ENTRY ELEMENTS (KOHA)
Koha item type Books
Holdings
Withdrawn status Lost status Damaged status Home library Current library Date acquired Full call number Accession Number Koha item type
      KAUAET KAUAET 07/04/2012 621.4021 12465 Books
free website counter